000 00677nam a2200181Ia 4500
008 151018s9999 xx 000 0 und d
082 _bRBASDV35793
_a891.463
100 _aप्रशांत पोखरकर
245 _aगणितातील गमती जमती
250 _b1
260 _bपपीलॉन पब्लिशिंग हाउस पुणे
_c2001
300 _a36
600 _aप्रशांत पोखरकर
630 _aगणितातील गमती जमती
700 _aप्रशांत पोखरकर
730 _aगणितातील गमती जमती
942 _cBOOK
999 _c1035266
_d1035263